000 00558nam a2200169 i 4500
001 59382
003 ES-MaACL
005 20230906164024.0
007 t|
008 031028s1908 sp ||||1| spa d
100 1 _aElola, José de (
_d1859-1933)
_947068
245 1 0 _aLevantamientos y reconocimientos topográficos /
_cpor José de Elola y Gutierrez.
260 _aMadrid :
_bSucesores de Rivadeneyra,
_c1908.
300 _a3 v. ;
_c21 cm.
505 8 _aContiene: T.I: Texto. -- T.II: Atlas. -- T.III: Agenda del topógrafo
852 _aES-MaACL
_jF-7492-94
999 _c59382
_d59382